JOVENES Y NIÑOS : (Registro nro. 47952)
[ vista simple ]
| 000 -LEADER | |
|---|---|
| fixed length control field | 01028nam a2200193 a 4500 |
| 001 - CONTROL NUMBER | |
| control field | 47952 |
| 005 - DATE AND TIME OF LATEST TRANSACTION | |
| control field | 20180714032103.0 |
| 008 - FIXED-LENGTH DATA ELEMENTS--GENERAL INFORMATION | |
| fixed length control field | 140415s2005 mx 000 0 spa d |
| 020 ## - INTERNATIONAL STANDARD BOOK NUMBER | |
| International Standard Book Number | 9707015462 |
| 041 ## - LANGUAGE CODE | |
| Language code of text/sound track or separate title | spa |
| 082 ## - DEWEY DECIMAL CLASSIFICATION NUMBER | |
| Classification number | 305.23 |
| Item number | MIE |
| 100 1# - MAIN ENTRY--PERSONAL NAME | |
| Personal name | MIER Y TERAN, MARIA |
| 245 10 - TITLE STATEMENT | |
| Title | JOVENES Y NIÑOS : |
| Remainder of title | UN ENFOQUE SOCIODEMOGRÁFICO |
| 250 ## - EDITION STATEMENT | |
| Edition statement | 1a ed. |
| 260 ## - PUBLICATION, DISTRIBUTION, ETC. | |
| Place of publication, distribution, etc. | MEXICO : |
| Name of publisher, distributor, etc. | UNAM, |
| Date of publication, distribution, etc. | 2005 |
| 300 ## - PHYSICAL DESCRIPTION | |
| Extent | 1221 |
| Dimensions | 17 x 2.2 x 23 |
| 520 ## - SUMMARY, ETC. | |
| Summary, etc. | EN LOS TRABAJOS DE LA PRIMERA PARTE DE ESTE LIBRO SE EXPLORAN LOS NUEVOS SIGNIFICATIVOS SOCIALES DE SER NIÑO O DE SER JOVEN. UN ASPECTO IMPORTANTE SON LOS CAMBIOS QUE SE HAN DADO EN LAS RELACIONES INTRAFAMILIARES PUESTO QUE SON LOS CAMBIOS QUE SE HAN DADO EN LAS RELACIONES INTRAFAMILIARES PUESTO QUE LOS PROCESOS HAN MODIFICADO LAS PRÁCTICAS DENTRO DE LA FAMILIA, ASÍ COMO LA MENTALIDAD DE SUS MIEMBROS. ESTA CAMBIANDO LAS PERCEPCIONES QUE TIENEN NIÑOS Y JÓVENES DE SIS MISMOS, DE LOS |
| 650 14 - SUBJECT ADDED ENTRY--TOPICAL TERM | |
| Topical term or geographic name entry element | NIOS |
| General subdivision | HISTORIA SOCIAL |
| -- | JOVENES |
| -- | M XICO |
| -- | HISTORIA SOCIAL |
| Withdrawn status | Lost status | Source of classification or shelving scheme | Damaged status | Not for loan | Collection code | Home library | Current library | Shelving location | Date acquired | Source of acquisition | Inventory number | Total Checkouts | Full call number | Barcode | Date last seen | Price effective from | Koha item type |
|---|---|---|---|---|---|---|---|---|---|---|---|---|---|---|---|---|---|
| Dewey Decimal Classification | General | Biblioteca Karol Wojtyla | Biblioteca Karol Wojtyla | Sala general | 03/12/2013 | Compra | 151000000000000000053903 | 305.23 MIE | 71791 | 05/01/2026 | 03/12/2013 | Libro |